000 00473nam a22001457a 4500
999 _c14974
_d14974
008 200204b ||||| |||| 00| 0 eng d
022 _a00116009
082 _aDPer 792.805 D19 Mar 2016-Aug 2016 v. 90, n. 3-8
100 _aSchaefer, Brian.
_941570
245 _aAct II/
_cBrian Schaefer.
260 _aNew York:
_bDance Media,
_c©Mar-Aug 2016.
300 _av.90, n. 4, pages 26-29.
_bcolored illustrations:
_c25 cm.
650 _aBallet
_xSucces.
_941571
942 _2ddc
_cPER